LEADER 01352nam a2200277 i 4500 001 000000162652 003 CaOOAMICUS 005 20070703000000.0 008 070703s2007 it u000 u ita u 013 $a140016 020 $a978-88-15-11828-8 040 $aSeMil$bita 100 1 $aGruppo di Coordinamento per la Demografia - SIS.$0(OLS)http://semarc/name/41511 245 10$aRapporto sulla popolazione :$bl'Italia all'inizio del 21. secolo /$c[Promosso dal] Gruppo di Coordinamento per la Demografia , Società Italiana di Statistica. 260 $aBologna :$bIl Mulino,$c2007. 300 $a163 p. :$bill. (tabelle, grafici) ;$c21 cm. 490 0 $aUniversale paperbacks Il Mulino ;$v515. 500 $aContiene : Appendice ; Riferimenti bibliografici. 650 4$aItalia - Popolazione - Statistica - Sec. 21.$0(OLS)http://semarc/subject/30940 830 0$aUniversale paperbacks Il Mulino ;$v515.$0(OLS)http://semarc/title/5937 850 $aSeMil 852 $aSeMil$W1$xVenegono$y1$m3N I 633$j113983$B113983$CSeMilBibl$Z2$F125657 $81 961 $aOmaggio: Bressan don Luca 996 $6020$a978-88-15-11828-8$9(OLS)http://semarc/number/148632 996 $6245$aRapporto sulla popolazione :$bl'Italia all'inizio del 21. secolo$9(OLS)http://semarc/title/232016 996 $6260$aBologna :$bIl Mulino$9(OLS)http://semarc/publisher/29842 LEADER 00810nam a2200229 i 4500 001 000000221180 003 CaOOAMICUS 005 20130625000000.0 008 130625s1973 it u000 u ita u 013 $a200077 040 $aSeMil$bita 100 1 $aCampanile, Achille,$d<1900-1977>.$0(OLS)http://semarc/name/22600 245 13$aIl povero Piero /$cAchille Campanile. 260 $aMilano :$bRizzoli,$c1973. 300 $a270 p. ;$c23 cm. 490 0 $aLa scala 830 3$aLa scala.$0(OLS)http://semarc/title/7359 850 $aSeMil 852 $aSeMil$W1$xVenegono$y1$m1A IV 15$j171531$B171531$CSeMilBibl$Z2$F187551 $81 961 $aLascito: Schieppati don Giorgio 996 $6245$aIl povero Piero$9(OLS)http://semarc/title/317097 996 $6260$aMilano :$bRizzoli$9(OLS)http://semarc/publisher/29824